[Event "New Delhi Parsvnath op 9th"]
[Site "New Delhi"]
[Date "2011.01.10"]
[Round "5"]
[White "Zeng, Chongsheng"]
[Black "Lohana, Kapil"]
[Result "1-0"]
[WhiteElo "2377"]
[BlackElo "2070"]
[PlyCount "65"]
[EventDate "2011.01.08"]
[EventType "swiss"]
[EventRounds "11"]
[EventCountry "IND"]
[SourceTitle "CBM 140 Extra"]
[Source "ChessBase"]
[SourceDate "2011.03.01"]
[SourceVersion "1"]
[SourceVersionDate "2011.03.01"]
[SourceQuality "1"]

1. e4 c5 2. Nf3 d6 3. d4 cxd4 4. Nxd4 Nf6 5. Nc3 Nc6 6. Bc4 e6 7. Be3 Bd7 8. Qe2 a6 9. Bb3 Be7 10. 0-0-0 Qc7 11. g4 Nxd4 12. Rxd4 Bc6 13. g5 Nd7 14. Rhd1 Nc5 15. f4 Nxb3+ 16. axb3 0-0 17. f5 Rfd8 18. Qg4 Bd7 19. Kb1 Bf8 20. g6 hxg6 21. fxg6 fxg6 22. Qxg6 Bc8 23. e5 Qf7 24. Qxf7+ Kxf7 25. Bg5 Re8 26. exd6 Bd7 27. Na4 b5 28. Nc5 Ra7 29. b4 e5 30. Re4 g6 31. Re3 a5 32. bxa5 Bg4 33. Rd5 1-0

[Event "Mumbai Mayors Cup 1st"]
[Site "Mumbai"]
[Date "2008.05.16"]
[Round "8"]
[White "Mohannad, Farhan"]
[Black "Lohana, Kapil"]
[Result "1-0"]
[WhiteElo "2285"]
[BlackElo "2010"]
[PlyCount "92"]
[EventDate "2008.05.11"]
[EventType "swiss"]
[EventRounds "11"]
[EventCountry "IND"]
[SourceTitle "CBM 124 Extra"]
[Source "ChessBase"]
[SourceDate "2008.07.03"]
[SourceVersion "1"]
[SourceVersionDate "2008.07.03"]
[SourceQuality "1"]

1. d4 d5 2. c4 e6 3. Nc3 Nf6 4. cxd5 exd5 5. Bg5 Be7 6. e3 c6 7. Qc2 Ne4 8. Bxe7 Qxe7 9. Nxd5 cxd5 10. Qxc8+ Qd8 11. Bb5+ Nc6 12. Qxd8+ Kxd8 13. Nf3 f6 14. Ke2 a6 15. Ba4 Kd7 16. Rhc1 Rhc8 17. Ne1 b5 18. Bb3 Kd6 19. f3 Ng5 20. Rc5 Ne7 21. Rac1 Ne6 22. Rxc8 Rxc8 23. Rxc8 Nxc8 24. a4 Nb6 25. axb5 axb5 26. Bc2 h6 27. b3 Nd7 28. Bd3 Kc6 29. Nc2 Nc7 30. e4 Kd6 31. Ke3 g5 32. Nb4 Nb6 33. g3 Ke6 34. h4 Kd6 35. h5 Ke6 36. Bf1 Kd6 37. Bh3 Ne8 38. Bf5 Nc7 39. Bh7 Ne8 40. Bg6 Nc7 41. Bf7 dxe4 42. fxe4 Ne6 43. Nc2 Nd8 44. Be8 Nc6 45. Kd3 Na8 46. Bxc6 Nc7 1-0